| 000 | 00616nam a2200181 a 4500 | ||
|---|---|---|---|
| 008 | 160511s2011 ||||||||||||||||| || u | ||
| 020 | _a9781444122848 | ||
| 050 | _aKD 109 Rid | ||
| 100 | _aRidley, Ann | ||
| 245 | 1 | 0 |
_aKey facts Company Law. (4th ed.) _cBy Ann Ridley |
| 250 | _a4th ed. | ||
| 260 |
_aLondon _bHodder Education _c2011 |
||
| 300 | _aiv, 147p. | ||
| 350 | _a19.95 | ||
| 650 | _aCORPORATE LAW--GREAT BRITAIN | ||
| 650 | _aCOMPANY LAW | ||
| 995 |
_FCBU-MAIN LIBRARY (Kitwe) _I19.95 _M1 _UAVAILABLE _WMay 12, 2016 _ZMain Library Open Access Collection |
||
| 999 |
_c48602 _d48602 |
||